| 000 | 00784nam a2200229Ia 4500 | ||
|---|---|---|---|
| 003 | OSt | ||
| 005 | 20220925204355.0 | ||
| 006 | a|||||r|||| 00| 0 | ||
| 007 | ta | ||
| 008 | 220923b |||||||| |||| 00| 0 eng d | ||
| 020 | _a9789211129915 | ||
| 037 | _cGeneral Book | ||
| 040 |
_aRTL _cRTL _beng |
||
| 041 |
_2eng _aeng |
||
| 082 | _aX:516-75.6, R0/UN | ||
| 100 |
_aUNITED NATIONS CONFERENCE ON TRADE AND DEVELOPMENT _922210 |
||
| 245 | 0 | _aPreparatory report for the ex post review of the competition policy of the West African economic and monetary union | |
| 260 |
_aGeneva _bUnited Nations _c2020 |
||
| 300 |
_avi,62p _ccm. |
||
| 942 |
_hX:516-75.6, R0/UN _cGB _2CC |
||
| 999 |
_c549243 _d549243 |
||